Biblioteca y Centro de Documentación

Estructura de la actividad económica del puerto y análisis de costes (Registro nro. 28251)

Detalles MARC
000 -CABECERA
Longitud fija campo de control 00919naa a2200265 c 4500
001 - NÚMERO DE CONTROL
Número de control 28251
003 - IDENTIFICADOR DE NÚMERO DE CONTROL
Identificador del número de control ES-MaCES
005 - FECHA Y HORA DE LA ÚLTIMA TRANSACCIÓN
Fecha y hora de la última transacción 19990325183200.0
008 - CAMPO FIJO DE DESCRIPCIÓN FIJA--INFORMACIÓN GENERAL
Códigos de información de longitud fija   951016n1995 sp ||| | spa d
035 ## - NÚMERO DE CONTROL DEL SISTEMA
Número de control del sistema CES19980021889v
040 ## - FUENTE DE CATALOGACIÓN
Centro catalogador de origen ES-MaCES
Lengua de catalogación spa
Centro transcriptor ES-MaCES
100 1# - ENCABEZAMIENTO PRINCIPAL--NOMBRE PERSONAL
Nombre de persona Rus Mendoza, Ginés de
9 (RLIN) 22923
245 10 - MENCIÓN DE TÍTULO
Título Estructura de la actividad económica del puerto y análisis de costes
Mención de responsabilidad, etc. Ginés de Rus, Concepción Román, Lourdes Trujillo
650 #4 - ASIENTO SECUNDARIO DE MATERIA--TÉRMINO DE MATERIA
Término de materia o nombre geográfico como elemento inicial estudio de casos
9 (RLIN) 28846
650 #4 - ASIENTO SECUNDARIO DE MATERIA--TÉRMINO DE MATERIA
Término de materia o nombre geográfico como elemento inicial transporte marítimo
9 (RLIN) 28055
650 #4 - ASIENTO SECUNDARIO DE MATERIA--TÉRMINO DE MATERIA
Término de materia o nombre geográfico como elemento inicial actividades generadoras de ingresos
9 (RLIN) 29650
650 #4 - ASIENTO SECUNDARIO DE MATERIA--TÉRMINO DE MATERIA
Término de materia o nombre geográfico como elemento inicial puerto
9 (RLIN) 28028
653 10 - TÉRMINO DE INDEXACIÓN--NO CONTROLADO
Término no controlado Políticas sectoriales
700 1# - ENCABEZAMIENTO SECUNDARIO--NOMBRE PERSONAL
Nombre de persona Trujillo, Lourdes
9 (RLIN) 25213
700 1# - ENCABEZAMIENTO SECUNDARIO--NOMBRE PERSONAL
Nombre de persona Román, Concepción
9 (RLIN) 22546
773 0# - ENTRADA DE DOCUMENTO FUENTE
Título RAE
Parte(s) relacionada(s) N. 3 (jun. 1995) ; p. 81-103
Número de control del registro relacionado (ES-MaCES)25487
902 ## - CES. TIPO DE DOCUMENTO
Tipodoc (006$c Sirtex) ART Artículo de revista
942 ## - ELEMENTOS KOHA
Fuente de clasificaión o esquema Clasificación propia del CES
Koha [por defecto] tipo de item Artículos (1982-2017)
Parte de clasificación 5.2.

No hay ítems disponibles.

© CES, Consejo Económico y Social de España 2021